000 01414cam a2200289 4500
008 030618n2001 000 0 eng u
020 _a0116214716
035 _a(Sirsi) u122665
041 _aeng.
050 _a306.1
_c18
100 _aBates, Beverley
110 _aNational Centre for Social Research
_94125
245 _aHousing in England 1999/00: a report of the 1999/00 survey carried out by the National Centre for Social Research on behalf of the Department for Transport, Local Government and the Regions
260 _aNorwich
_bHMSO
_c2001
520 _aThe Survey of English Housing is a continuous ODPM survey which collects a wide range of information on households, their housing and their attitudes to housing and related issues through face-to-face interviews with about 20,000 householders each year. Since April 1999 the survey has been carried out by the National Centre for Social Research, a leading social research institute.
650 _aSURVEY OF ENGLISH HOUSING
650 _aHOUSING STATISTICS
690 _aHOUSING
700 _aJoy, Sarah
700 _aRoden, Joel
700 _aSwales, Kirby
700 _aGrove, Jeremy
700 _aOliver, Robin
710 _aDepartment for Transport, Local Government and the Regions
_94091
856 _uhttps://www.communities.gov.uk/embedded_object.asp?id=1155268
_vView the report on the ODPM's website....
942 _n0
999 _c102902
_d102902